Detalles MARC
| 000 -CABECERA |
| campo de control de longitud fija |
01399nas a22001577a 4500 |
| 001 - NÚMERO DE CONTROL |
| campo de control |
T027600011174-00 |
| 005 - FECHA Y HORA DE LA ÚLTIMA TRANSACCIÓN |
| campo de control |
20191106073648.0 |
| 008 - DATOS DE LONGITUD FIJA--INFORMACIÓN GENERAL |
| campo de control de longitud fija |
190830b xxu||||| |||| 00| 0 esp | |
| 040 ## - FUENTE DE LA CATALOGACIÓN |
| Centro catalogador/agencia de origen |
FEVP |
| Centro/agencia transcriptor |
FEVP |
| 245 ## - MENCIÓN DE TÍTULO |
| Título |
Urbana 13 |
| 260 ## - PUBLICACIÓN, DISTRIBUCIÓN, ETC. |
| Fecha de publicación, distribución, etc. |
1993 |
| 300 ## - DESCRIPCIÓN FÍSICA |
| Extensión |
108 p. |
| Dimensiones |
22 x21 ctms |
| 440 ## - MENCIÓN DE SERIE/PUNTO DE ACCESO ADICIONAL--TÍTULO |
| Título |
Urbana |
| Designación de volumen o secuencia |
13 |
| 505 ## - NOTA DE CONTENIDO CON FORMATO |
| Nota de contenido con formato |
Editorial: Los trópicos de lo urbano, Magaly Sánchez R.; Yves Pedrazzini<br/>Artìculos:<br/>-Tiempos de metrópoli, Magaly Sánchez R.; Yves Pedrazzini.<br/>-Dinámica metropolitana: riesgos mayores y desarrollo durable, Pierre Rossel; Jean-Claude Bolay.<br/>-Densificación y metrópoli, Teolinda Bolívar.<br/>-Quel espoir pour les exclus de la ville monde?, Noël Cannat.<br/>-De la crisis al colapso de los servicios públicos en la metrópoli, Esther Elena Marcano.<br/>-Metrópoli y territorialización popular contemporánea, Teresa Ontiveros; Julio De Freitas.<br/>-¡De quién es la calle? ¿De quién es la basura?, Marie Dominique De Suremain.<br/>Reflexiones:<br/>-La ciudad tiene los signos que se merece, Roberto Hernández M.<br/>-Las bandas juveniles y los procesos de socialización, Alonzo Salazar; Ana María Jaramillo.<br/>-Megalópolis y desechos tóxicos, Omar Ovalles.<br/>-Tenants, landlords and self-help settlements: a comparison of Caracas, Mexico City and Santiago, Alan Gilbert.<br/>Varios: Investigaciones y proyectos de desarrollo del Instituto de Urbanismo 1992-1993. |
| 942 ## - ELEMENTOS DE PUNTO DE ACCESO ADICIONAL (KOHA) |
| Tipo de ítem Koha |
Revista |
| Fuente del sistema de clasificación o colocación |
Dewey Decimal Classification |